Managing agents' gas safety (Record no. 79914)

MARC details
000 -LEADER
fixed length control field 01205cab a22002175a 4500
001 - CONTROL NUMBER
control field L142705
008 - FIXED-LENGTH DATA ELEMENTS--GENERAL INFORMATION
fixed length control field 080303s2008 xxk f 000 0 eng d
035 ## - SYSTEM CONTROL NUMBER
System control number (Sirsi) u142705
041 0# - LANGUAGE CODE
Language code of text/sound track or separate title eng
110 2# - MAIN ENTRY--CORPORATE NAME
Corporate name or jurisdiction name as entry element Agreement
9 (RLIN) 5485
245 00 - TITLE STATEMENT
Title Managing agents' gas safety
260 ## - PUBLICATION, DISTRIBUTION, ETC.
Date of publication, distribution, etc. 2008
490 ## - SERIES STATEMENT
Series statement Agreement
Volume/sequential designation February 2008
520 ## - SUMMARY, ETC.
Summary, etc. Outlines the responsibilities faced by managing agents under gas safety regulations. These are to organise checks and maintenance on gas appliances. Contracting to CORGI registered gas installers is recommended. Agents should ensure that their procedures satisfy their regulatory duties of care, including gas escapes, contractor selection, staff training and awareness, void property management, specification documentation and work records. Recommends that the person carrying out the audit should be someone not directly involved in the other processes. Describes CORGI's auditing programme and provides relevant contact details.
590 ## - LOCAL NOTE (RLIN)
Local note KA
650 24 - SUBJECT ADDED ENTRY--TOPICAL TERM
Topical term or geographic name entry element GAS SAFETY (INSTALLATION AND USE) REGULATIONS 1998
651 #4 - SUBJECT ADDED ENTRY--GEOGRAPHIC NAME
Geographic name United Kingdom
Chronological subdivision
690 ## - LOCAL SUBJECT ADDED ENTRY--TOPICAL TERM (OCLC, RLIN)
Topical term or geographic name as entry element PROPERTY-PROPERTY MANAGEMENT-MANAGING AGENTS
690 ## - LOCAL SUBJECT ADDED ENTRY--TOPICAL TERM (OCLC, RLIN)
Topical term or geographic name as entry element Health and safety
9 (RLIN) 6244
942 ## - ADDED ENTRY ELEMENTS (KOHA)
Suppress in OPAC 0
Holdings
Withdrawn status Lost status Source of classification or shelving scheme Damaged status Not for loan Home library Current library Shelving location Date acquired Total Checkouts Full call number Barcode Date last seen Copy number Price effective from Koha item type
    Dewey Decimal Classification     London London Journal article 03/03/2008   L142705 142705-1001 06/08/2019 1 06/08/2019 Journal article